Diseño de un modelo para el sistema de registro de volúmenes de tránsito vehicular en Guatemala, (Registro nro. 2351)
[ vista simple ]
| 000 -LEADER | |
|---|---|
| campo de control de longitud fija | 02588nam a22003257a 4500 |
| 001 - NÚMERO DE CONTROL | |
| campo de control | 42835 |
| 003 - IDENTIFICADOR DE NÚMERO DE CONTROL | |
| campo de control | gtgccic |
| 005 - FECHA Y HORA DE LA ÚLTIMA TRANSACCIÓN | |
| campo de control | 20251023114856.0 |
| 007 - CAMPO FIJO DE DESCRIPCIÓN FÍSICA--INFORMACIÓN GENERAL | |
| campo de control de longitud fija | ta |
| 008 - DATOS DE LONGITUD FIJA--INFORMACIÓN GENERAL | |
| campo de control de longitud fija | 251015b gt ||||| |||| 00| 0 spa d |
| 040 ## - FUENTE DE CATALOGACIÓN | |
| Centro catalogador/agencia de origen | gtgccic |
| Lengua de catalogación | spa |
| Centro/agencia transcriptor | gtgccic |
| Normas de descripción | rda |
| 084 ## - OTRO NÚMERO DE CLASIFICACIÓN | |
| Número de control del registro de autoridad o número normalizado | TPI-15-0070 |
| 100 10 - ENTRADA PRINCIPAL--NOMBRE DE PERSONA | |
| Nombre de persona | Karina Lisseth Navarijo Zabala |
| Fechas asociadas al nombre | Arquitecta |
| Término indicativo de función/relación | autor |
| 245 10 - MENCIÓN DEL TÍTULO | |
| Título | Diseño de un modelo para el sistema de registro de volúmenes de tránsito vehicular en Guatemala, |
| Resto del título | homologado con una muestra estratificada aleatoria bietápica de la región VI ó suroccidental / |
| Mención de responsabilidad, etc. | Navarijo Zabala, Karina Lisseth |
| 264 #1 - PRODUCCIÓN, PUBLICACIÓN, DISTRIBUCIÓN, FABRICACIÓN Y COPYRIGHT | |
| Producción, publicación, distribución, fabricación y copyright | Guatemala, Guatemala : |
| Nombre del de productor, editor, distribuidor, fabricante | USAC, Facultad de Ingeniería ; |
| Fecha de producción, publicación, distribución, fabricación o copyright | 2015.- |
| 300 ## - DESCRIPCIÓN FÍSICA | |
| Extensión | xxvi, 96 p. : |
| Otras características físicas | il. ; |
| Dimensiones | 27 cm |
| 336 ## - TIPO DE CONTENIDO | |
| Fuente | rdacontenido |
| Término de tipo de contenido | Texto |
| Código de tipo de contenido | txt |
| 337 ## - TIPO DE MEDIO | |
| Fuente | rdamedio |
| Nombre/término del tipo de medio | sin mediación |
| Código del tipo de medio | n |
| 338 ## - TIPO DE SOPORTE | |
| Fuente | rdasoporte |
| Nombre/término del tipo de soporte | volumen |
| Código del tipo de soporte | nc |
| 502 ## - NOTA DE TESIS | |
| Nota de tesis | Tesis Postgrado |
| Tipo de título | MAESTRA EN INGENIERÍA VIAL |
| Nombre de la institución que otorga el título | USAC, Facultad de Ingeniería, Escuela de Postgrado |
| Año de obtención del título | 2015 |
| Identificador de la tesis | TPI-15-0070 |
| 504 ## - NOTA DE BIBLIOGRAFÍA, ETC. | |
| Nota de bibliografía, etc. Nota | Bibliografía pag. 87 |
| 505 ## - NOTA DE CONTENIDO CON FORMATO | |
| Título | 1. TÉRMINOS Y DEFINICIONES GENERALES |
| 505 ## - NOTA DE CONTENIDO CON FORMATO | |
| Título | 2. PRINCIPIOS BÁSICOS Y LA SITUACIÓN ACTUAL DEL SISWTEMA DEL TRÁNSITO VEHICULAR EN GUATEMALA |
| 505 ## - NOTA DE CONTENIDO CON FORMATO | |
| Título | 3. DISEÑO DEL MODELO PARA EL SISTEMA DE REGISTRO DE VOLÚMENES DE TRÁNSITO Y HOMOLOGACIÓN DE LA <br/> MUETRA ESTRATIFICADA |
| 520 #3 - RESUMEN, ETC. | |
| Ampliación de la nota de sumario | En esta investigación, ha sido necesaria la selección de una muestra estadística estratificada, a fin de dar a conocer los datos que se obtuvieron en la aplicación del modelo diseñado, para el efecto, se hizo participes a 8 municipios específicamente de la Región Sur Occidente del país, los cuales forman parte del sector que interviene en la generación y registro de información a nivel nacional, según este modelo en estudio. Se describe de manera teórica y práctica la investigación realizada sobre el modelo diseñado, el cual permitirá a la población y usuarios interesados a conocer y utilizar los datos de los volúmenes de tránsito vehícular reales de cualquier municipio de Guatemala, al igual que los datos correspondientes al flujo vehicular concentrado en determinadas estaciones de la red vial. Al dar a conocder los volúmenes de tránsito se tendrá un impacto técnico en cuanto a información se refiere, de la cual se carece en viarias áreas del país y que es de suma importancia para los diseñadores y planificadores de sistemas de tránsito, transporte e infraestructura vial nacional. |
| 650 ## - PUNTO DE ACCESO ADICIONAL DE MATERIA--TÉRMINO DE MATERIA | |
| Término de materia o nombre geográfico como elemento de entrada | TRANSITO |
| 700 ## - ENTRADA AGREGADA--NOMBRE PERSONAL | |
| Nombre de persona | Ma. Ing. César Augusto Castillo Morales |
| Término indicativo de función/relación | asesor |
| 942 ## - ELEMENTOS DE ENTRADA SECUNDARIOS (KOHA) | |
| Fuente de la clasificación o esquema de estantería | Clasificación Decimal Dewey |
| Tipo de ítem Koha | TESISPOSTGRADO |
| 945 ## - PROCESAMIENTO DE INFORMACIÓN LOCAL (OCLC) | |
| a | amlo |
| Estatus retirado | Estado de pérdida | Fuente de la clasificación o esquema de estantería | Estado de daño | No para préstamo | Biblioteca de origen | Biblioteca actual | Fecha de adquisición | Número de inventario | Total de préstamos | Signatura topográfica completa | Código de barras | Visto por última vez | Precio de reemplazo | Tipo de ítem Koha | Nota pública |
|---|---|---|---|---|---|---|---|---|---|---|---|---|---|---|---|
| Clasificación Decimal Dewey | CENTRO DE INFORMACIÓN A LA CONSTRUCCIÓN-CICON | CENTRO DE INFORMACIÓN A LA CONSTRUCCIÓN-CICON | 15/10/2025 | P20150070 | TPI-15-0070 | 20150070 | 15/10/2025 | 15/10/2025 | TESISPOSTGRADO | disponible |